000
00391nam a2200133Ia 4500
008
100328s9999 xx 000 0 und d
082
_b
29282
100
_a
आपटे ह.ना.
245
_a
कसे दिवस गेले
260
_b
आर्यभूषण
630
_a
कसे दिवस गेले
730
_a
कसे दिवस गेले
942
_c
BOOK
999
_c
520324
_d
520321